000 01750cam a22004814i 4500
003 PE-LiUPU
005 20250731173258.0
008 150625s2003 cau rb 000 0 eng d
020 _a0829737405
035 _a(Sirsi) i9780829737400
040 _aPE-LiUPU
_bspa
_cPE-LiUPU
_erda
049 _aPRUA
082 0 4 _a248.4
_bC63
_221
100 1 _aCloud, Henry,
_eautor.
245 1 0 _aCambios que sanan :
_bentienda su pasado de modo que asegure un futuro saludable /
_cHenry Cloud.
264 1 _aMiami,Florida :
_bEdit. Vida,
_c2003.
300 _a345 páginas ;
_c21 centímetros
336 _atext
_2rdacontent
337 _aunmediated
_2rdamedia
338 _avolume
_2rdacarrier
504 _aIncluye bibliografía.
505 0 _aTres ingredientes del crecimiento -- Vinculémonos con los demás -- Separémonos de los demás -- Clasifiquemos lo bueno y lo malo -- Convirtámonos en adultos.
526 _aSEG42
526 _aSEG41
526 _aSEG40
526 _aSEG39
526 _aP94
526 _aP87
526 _aP86
526 _aP85
526 _aP77
526 _aP76
526 _aP35
541 _g003-0002819;
650 0 4 _aCristianismo
_xAspectos psicológicos.
650 0 4 _aMadures emocional
_xAspectos religiosos.
650 0 4 _aVida cristiana.
942 _2ddc
_cBOOK
949 _a248.4 C63
_wDEWEY
_c1
_i53795
_lCCODEBUL1
_mBUL
_p12.00
_r0
_sY
_tBOOK
_u2015-6-25
_xTEOLOGIA
_zUNKNOWN
_0COMPRA
_o.STAFF. Colección Teología
994 _aC0
_bPEPRU
596 _a1
999 _a248.4 C63
_wDEWEY
_c43900
_i53795
_f2021-11-10
_g5
_lCCODEBUL1
_mBUL
_p12.00
_r0
_sY
_tBOOK
_u2015-6-25
_xTEOLOGIA
_PP35
_0COMPRA
_o.STAFF. Colección Teología
_d43900
980 _81
_gALBERTO SANCHEZ Responsable de Automatización